Posmrtná výstava akademické malířky Ludmily Horákové-Helclové : Olomouc od 30. března do 27. dubna 1952 /

Hlavní autor: Helclová-Horáková, Ludmila, 1908-1952
Další autoři: Křupka, Stanislav, 1907-1972
Jazyk: Čeština
Vydáno: Olomouc : Kraj. museum :Kraj. středisko Svazu čs. výtv. umělců, 1952
Témata:
Fyzický popis: 11 s., [14] s. obr. příl. ; 8°
Knihy
Uloženo v:
LEADER 01325nam a22003252a 4500
001 001709410
003 CZ BrMZK
005 20190930090916.0
007 ta
008 190930s1952 xr er|||||||||||cze d
015 |a cnb000505601 
035 |a (OCoLC)85309444 
040 |a ABA001  |b cze  |c PNA001  |d ABA001  |d BOA001 
072 7 |a 75  |x Malířství  |2 Konspekt  |9 21 
080 |a 75.071.1-055.2  |2 MRF 
080 |a 75(437.3)  |2 MRF 
080 |a (083.824)  |2 MRF 
100 1 |a Helclová-Horáková, Ludmila,  |d 1908-1952  |7 ola200202978  |4 art 
245 1 0 |a Posmrtná výstava akademické malířky Ludmily Horákové-Helclové :  |b Olomouc od 30. března do 27. dubna 1952 /  |c [báseň] Rozloučení [naps.] Stan. Křupka 
260 |a Olomouc :  |b Kraj. museum :  |b Kraj. středisko Svazu čs. výtv. umělců,  |c 1952 
300 |a 11 s., [14] s. obr. příl. ;  |c 8° 
600 1 7 |a Helclová-Horáková, Ludmila,  |d 1908-1952  |7 ola200202978  |2 czenas 
650 0 7 |a malířky  |7 ph122597  |z Česko  |y 20. století  |2 czenas 
650 0 7 |a české malířství  |7 ph116864  |2 czenas 
655 7 |a katalogy výstav  |7 fd132536  |2 czenas 
700 1 |a Křupka, Stanislav,  |d 1907-1972  |7 jk01070214  |4 aut 
910 |a BOA001  |b X-0246.724 
990 |a BK 
991 |b 201909 
996 6 |b 2618735215  |c X-0246.724  |l MZK  |r Sklad / do 24 hodin  |n 0  |w 001757650  |u 000010  |a 1  |e BOA001  |j MZK50  |s P